All J Balvin Songs (November 2025) - Statistics

General Stats
  • This quiz has been taken 12 times
  • The average score is 28 of 270
Answer Stats
Hint Answer % Correct
Azul
86%
2020 Amarillo
71%
AM - Remix (with Nio Garcia & Bad Bunny)
71%
Blanco
71%
LA CANCIÓN (feat. Bad Bunny)
71%
Mi Gente (feat. Willy William)
71%
Mi Gente (feat. Willy William & Beyoncé)
71%
Negro
71%
Rojo
71%
Rosa
71%
Verde (feat. Sky Rompiendo)
71%
Gris
57%
I Like It (with Cardi B & Bad Bunny)
57%
Morado
57%
QUE PRETENDES (feat. Bad Bunny)
57%
X - Remix (with Nicky Jam, Maluma & Ozuna)
57%
X (with Nicky Jam)
57%
6 AM (feat. Farruko)
43%
Arcoiris (feat. Mr Eazi)
43%
2014 Ay Vamos
43%
Downtown (with Anitta)
43%
No Me Conoce - Remix (with JHAYCO & Bad Bunny)
43%
Say My Name (with David Guetta & Bebe Rexha)
43%
UN PESO (feat. Bad Bunny & Marciano Cantero)
43%
+57 (with KAROL G, Feid, DFZM, Ovy On The Drums, Maluma, Ryan Castro & Blessd)
29%
Ahora
29%
Ambiente
29%
Bobo
29%
Bonita (feat. Jowell & Randy)
29%
Bonita - Remix (feat. Jowell & Randy, Nicky Jam, Wisin, Yandel & Ozuna)
29%
China (with Anuel AA, Daddy Yankee, KAROL G & Ozuna)
29%
2015 Ginza
29%
Ginza - Remix (feat. Anitta)
29%
Ginza - Remix (feat. Yandel, Farruko, Nicky Jam, De La Ghetto, Daddy Yankee, Zion, Arcángel, Sky Rompiendo & Alejandro "Mosty" Patiño)
29%
In Da Getto (feat. Skrillex)
29%
La Familia
29%
Perra (feat. Tokischa)
29%
Qué Más Pues? (feat. María Becerra)
29%
Safari (feat. Pharell Williams, BIA & Sky Rompiendo)
29%
Sigo Extrañándote
29%
Si Tu Novio Te Deja Sola (feat. Bad Bunny)
29%
UN DÍA (ONE DAY) (feat. Dua Lipa, Bad Bunny & Tainy)
29%
7 de Mayo
14%
Acércate (feat. Yandel)
14%
Ahora Dice - Remix (with Chris Jedi, Ozuna, Cardi B, Offset, Anuel & Arcángel)
14%
Ahora Dice (with Chris Jedi, Ozuna & Arcángel)
14%
Anaranjado (with Jowell & Randy)
14%
Bajo La Luna
14%
Bebé Qué Bien Te Ves (feat. Feid)
14%
Bola Rebola (with Tropkillaz, Anitta & ZAAC)
14%
Brillo (feat. ROSALÍA)
14%
Bum Bum Tam Tam (with MC Fioti, Future, Stefflon Don & Magán)
14%
COMO UN BEBÉ (feat. Bad Bunny & Mr Eazi)
14%
CUIDAO POR AHÍ (feat. Bad Bunny)
14%
Desnúdate
14%
Doblexxó (feat. Feid)
14%
Energía
14%
En Mí
14%
En Mí (Interlude)
14%
2021 F40
14%
F40 - Remix (feat. Arcángel)
14%
Gaga (feat. SAIKO)
14%
G Low Kitty - Remix (with El Bogueto, Uzielito Mix, El Malilla, Yeri Mua & Dj Rockwel Mx)
14%
Hola
14%
La Noche (feat. Dei V)
14%
La Venganza
14%
La Venganza (feat. JHAYCO)
14%
Live In Stereo (feat. Motiff)
14%
Lobo (feat. Zion)
14%
Loco Contigo - Remix (with DJ Snake, Ozuna, Nicky Jam, NATTI NATASHA, Darell & Sech)
14%
Loco Contigo (with DJ Snake & Tyga)
14%
Machika (feat. Jeon & Anitta)
14%
Machika - Remix (feat. G-Eazy, Sfera Ebbasta, Anitta, MC Fioti, Duki & Jeon)
14%
Malvada
14%
Mi Cama - Remix (with KAROL G & Nicky Jam)
14%
2019 MOJAITA (feat. Bad Bunny)
14%
No Es Justo (feat. Zion & Lennox)
14%
No Hay Título
14%
ODIO (feat. Bad Bunny)
14%
Origami (feat. Ryan Castro & Blessd)
14%
Poblado - Remix (feat. KAROL G, Nicky Jam, Crissin, Totoy El Frio & Natan & Shander)
14%
Porque Tu
14%
Relación - Remix (with Sech, Daddy Yankee, ROSALÍA & Farruko)
14%
Rio
14%
RITMO (Bad Boys For Life) (with Black Eyed Peas)
14%
Si Te Vas (feat. Jay Wheeler)
14%
Snapchat
14%
Sólido
14%
Solitario
14%
SORNERO (feat. Kris R.)
14%
St. Tropez
14%
Suerte
14%
Swat (feat. Luar La L)
14%
TATA - Remix (with Eladio Carrion, Daddy Yankee & Bobby Shmurda)
14%
Tata (with Eladio Carrion)
14%
Tranquila
14%
Tranquila (feat. Projota)
14%
Tranquilo - Remix (Louis BPM, Farruko, Kris R., iZaak & Hey López)
14%
Una Locura (with Ozuna & Chencho Corleone)
14%
2016 Veneno
14%
Vestido
14%
YO LE LLEGO (feat. Bad Bunny)
14%
Yo Te Lo Dije
14%
Zun Zun (feat. Lenny Tavárez & Justin Quiles)
14%
35 Pa Las 12 (with Fuego)
0%
3 Noches
0%
Abrázame
0%
Amigos
0%
Baby (with Sfera Ebbasta)
0%
Baila Baila Baila - Remix (with Ozuna, Daddy Yankee, Farruko & Anuel AA)
0%
Bajo Cero (with Sky Rompiendo, JHAYCO & MadeinTYO)
0%
Bajo y Batería
0%
BANSHEE (with FloyyMenor)
0%
Bebe Conmigo (with Farruko)
0%
Bellacon (with El Alfa)
0%
Better Days - Remix (with NEIKED, Mae Muller & Polo G)
0%
Billetes Azules (with KEVVO)
0%
Billetes De 100 (feat. Myke Towers)
0%
2025 Bruz Wein
0%
Caliente (with De La Ghetto)
0%
Celosa (with Ke Personajes)
0%
CELOS (with Myke Towers)
0%
COLMILLO (with Tainy, Young Miko & Jowell & Randy)
0%
COMETA HALLEY (with SAIKO)
0%
COMO TU (with DYSTINCT)
0%
Como Un Animal
0%
Como Yo
0%
Con Altura (with ROSALÍA & El Guincho)
0%
Con Flow Mátalo (with Maluma, Reykon, Dragon & Caballero, Jay y el Punto & KEVIN ROLDAN)
0%
Contra La Pared (with Sean Paul)
0%
Coronamos (with El Taiger, Cosculluela, Bad Bunny & Bryant Myers)
0%
2024 Cosas De Locos
0%
Cuando Seas Grande (with Alejandro Sanz, Gloria Trevi & Los Tigres Del Norte)
0%
Cuando Tú Quieras
0%
Decídete
0%
De Cora <3 (with Rauw Alejandro)
0%
Déjate Llevar
0%
Dientes (feat. USHER & DJ Khaled)
0%
Dime (with Revol, Bad Bunny, Arcángel & De La Ghetto)
0%
Dónde Está Jose?
0%
Dónde Estarás
0%
Ego
0%
El Cel (with Ozuna, Chencho Corleone, Arcángel & Randy Nota Loca)
0%
2009 Ella Me Cautivó
0%
El Peor (with Chyno Miranda)
0%
2023 En Alta (feat. Omar Courtz, YOVNGCHIMI, Quevedo, Mambo Kingz & DJ Luian)
0%
En Lo Oscuro
0%
Eras Así
0%
Están Pa´ Mí (with JHAYCO)
0%
Eyes Closed (with Imagine Dragons)
0%
Familiar (with Liam Payne)
0%
Fantasías
0%
2017 Fiesta
0%
Forever My Love (feat. Ed Sheeran)
0%
Gafas Negras (with Maluma)
0%
Ganas De Verte
0%
Ganster
0%
Gato (feat. Bad Gyal)
0%
Haute (with Tyga & Chris Brown)
0%
Hey Ma (with Pitbull & Camila Cabello)
0%
HUMAN LOST (with m-flo)
0%
I Adore You - Remix (with HUGEL, Ellie Goulding, Topic, Arash & Daecolm)
0%
I Can't Get Enough (with benny blanco, Selena Gomez & Tainy)
0%
Imaginándote
0%
Indeciso (with Reik & Lalo Ebratt)
0%
Instinto (with YEИDRY)
0%
Invisible
0%
Jessica (with Michaël Brun, SAINt JHN, J Perry & Charly Black)
0%
Karma (with Sky Rompiendo & Ozuna)
0%
KAWAII (with Polimá Westcoast)
0%
KLK (feat. Omega)
0%
La Frontera (with Juan Gabriel & Julión Álvarez y su Norteño Banda)
0%
La Luz (with Sech)
0%
La Realidad (with Wisin & Yandel)
0%
La Rebelión
0%
LA TROKA (with Gabito Ballesteros)
0%
Lento (with Mr Eazi)
0%
LET'S GO (with will.i.am)
0%
LOCATION (with KAROL G & Anuel AA)
0%
Lo Que Dios Quiera
0%
Lose Control (feat. Vein)
0%
Ma' G
0%
Mal De Amores (with Juan Magán)
0%
Mami
0%
Mañana Es Too Late (with Jesse & Joy)
0%
Medusa (with JHAYCO & Anuel AA)
0%
Me Gustas Tu
0%
Mi Corazón
0%
Mi Funeral (with Eladio Carrion & Ñengo Flow)
0%
Mil Fantasías
0%
Misterio (feat. Gilberto Santa Rosa)
0%
Mixtape Volume 1
0%
Mocca - Remix (with Lalo Ebratt & Trapical)
0%
Mood - Remix (with 24kGoldn, Justin Bieber & iann dior)
0%
Muy Personal (with Yandel)
0%
2022 Niño Soñador
0%
Nirvana (with Skepta)
0%
Nivel De Perreo (feat. Ryan Castro)
0%
Noches Pasadas
0%
NO MÁS (with Murda Beatz, Anitta, Quavo & Pharell Williams)
0%
No Te Olvido
0%
Noventa (with DJ Snake)
0%
Only You (with Metro Boomin, Wizkid & Offset)
0%
Otra Noche Sin Ti (feat. Khalid)
0%
Otra Vez (with Zion & Lennox)
0%
OTRO FILI (feat. Jay Wheeler)
0%
Pa' Guayarte (feat. Ozuna)
0%
Pa´mi
0%
Para que te quedes (with David Guetta)
0%
Peligrosa (feat. Wisin & Yandel)
0%
Perdido (with Poo Bear)
0%
Personal
0%
PERVERSA (with PEDRO SAMPAIO & Take A Daytrip)
0%
Piénsame
0%
Pierde Los Modales (feat. Daddy Yankee)
0%
Pinky Ring - Remix (with Miky Woodz, Myke Towers & JHAYCO)
0%
Pinky Ring (with Miky Woodz)
0%
Polvo de tu Vida (feat. Chencho Corleone)
0%
Ponle (with Rvssian & Farruko)
0%
PORFA - Remix (with Feid, Maluma, Nicky Jam, Sech & Justin Quiles)
0%
Por Un Día
0%
Positivo (feat. Michaël Brun)
0%
PQBL
0%
Primera Cita
0%
QDMT (with Jory Boy)
0%
Que Locura
0%
Qué Pena (with Maluma)
0%
Querido Río
0%
Quiero Repetir (with Ozuna)
0%
Raggaeton
0%
RESTAS O SUMAS (with JC Reyes)
0%
Rollercoaster (with Burna Boy)
0%
Roses - Remix (with SAINt JHN & Imanbek)
0%
Sal y Perrea - Remix (with Sech & Daddy Yankee)
0%
2012 Seguiré Subiendo
0%
Siempre Papi Nunca Inpapi (with Luigi 21 Plus)
0%
Sigue (feat. Ed Sheeran)
0%
Sigueme los Pasos (with Ozuna & NATTI NATASHA)
0%
2011 Sin Compromiso (feat. Jowell & Randy)
0%
Si Te Atreves (feat. Zion & Lennox)
0%
2013 Sola
0%
2010 Soltera (with Zion, Lennox & Alberto Stylee)
0%
Spicy (with Ty Dolla $ign, Post Malone, Tyga & YG)
0%
Stoker (feat. Carín León)
0%
Superhéroe (with Nicky Jam)
0%
Te Acuerdas de Mí (feat. Yandel)
0%
Ten Cuidado
0%
Time Is Money (with Joyner Lucas, Fireboy DML, DaBaby)
0%
Toretto
0%
Touchdown (with Michaël Brun, Beenie Man, Bounty Killer & Tasan)
0%
Travesuras - Remix (with Nicky Jam, Arcángel, Zion & De La Ghetto)
0%
Triple S (feat. Jowell & Randy & De La Ghetto)
0%
TUDO BOM (with Static & Ben El)
0%
Tu Protagonista - Remix (with Messiah, Zion & Lennox & Nicky Jam)
0%
Tú Tienes Algo
0%
Tu Veneno
0%
Tu Verdad
0%
Una Nota (feat. Sech)
0%
Unforgettable - Latin Remix (with French Montana & Swae Lee)
0%
Uno Dos Tres - Remix (with Kap G)
0%
UN PASO (with Trueno)
0%
Un Sueño
0%
Uuu (feat. Stormzy)
0%
Ven y Hazlo Tú (with Nicky Jam, Anuel AA & Arcángel)
0%
2018 Vibras (feat. Carla Morrison)
0%
Voodoo (with Badshah & Tainy)
0%
What a Creation
0%
Wherever I May Roam (feat. Metallica)
0%
YOSHI - Remix (with MACHETE, Dani Faiv, thasup, Fabri Fibra & Capo Plaza)
0%
You Stay (with DJ Khaled, Meek Mill, Lil Baby & Jeremih)
0%
No matching quizzes found
Score Distribution
Percent of People with Each Score
Percentile by Number Answered
Your Score History
You have not taken this quiz